00339nam a2200145Ia 4500008004100000020001500041041001200056082001600068100001800084245002600102260002900128300000800157650001500165700001300180221030s9999 xx 000 0 und d a8179921328 aEnglish a105.23bAlt aR. V. Altekar 0aProduction Management bJaico Pub.aMumbaic2003 a262 aManagement aS. Burte